000
00212nam a22000857a 4500
008
161210b xxu||||| |||| 00| 0 eng d
100
_9
1982
_a
Garg.P.K.
245
_a
Q.R. Mathematics-XII
260
_a
New Delhi
_b
ABD
_c
2011
999
_c
4792
_d
4792